00373 2200145 4500245008400000020001800084250001100102100002100113650001100134005001900145260002800164041001400192084001200206336000900218 aJalan Dakwah Sang Pencerah b : Kumpulan Khutbah JumatcNur Kholis AnwarhText a9786023000418 aCet. 1 aNur Kholis Anwar aDakwah a20240903070306 aYogyakartabLafalc2014 aIndonesia a297.723 atext